Моделирование и оптимизация управления составом асфальтобетонных смесей

Dades bibliogràfiques
Autor corporatiu: Российская инженерная академия (РИА), Московский автомобильно-дорожный институт (Государственный технический университет) (МАДИ-ГТУ)
Altres autors: Бунькин И. Ф. Иван Филиппович, Воробьев В. А. Владимир Александрович, Попов В. П. Валерий Петрович, Горшков В. А. Вячеслав Александрович, Суворов Д. Н. Дмитрий Наумович, Александров А. Е. Андрей Евгеньевич
Sumari:В книге рассмотрены моделирование и оптимизация процесса управления составом асфальтобетонной смеси. Основное внимание уделено проблеме автоматизации текущей оперативной коррекции состава смеси в условиях естественной вариации характеристик качества исходных материалов и режимов технологического процесса. Рассматриваются вопросы синтеза системы управления составом на основе анализа динамики изменения показателей качества.Приводятся описания системы управления качеством асфальтобетона (АРМ АСФАЛЬТ) для заводской лаборатории асфальтобетонных заводов
Idioma:rus
Publicat: Москва, Изд-во Российской инженерной академии, 2001
Matèries:
Format: MixedMaterials Llibre
KOHA link:https://koha.lib.tpu.ru/cgi-bin/koha/opac-detail.pl?biblionumber=172731

MARC

LEADER 00000nam0a2200000 4500
001 172731
005 20231031164346.0
035 |a (RuTPU)RU\TPU\book\187309 
090 |a 172731 
100 |a 20091215d2001 k y0rusy50 ca 
101 0 |a rus 
102 |a RU 
105 |a a z 001zy 
200 1 |a Моделирование и оптимизация управления составом асфальтобетонных смесей  |f И. Ф. Бунькин [и др.]  |g Российская Инженерная Академия ; Московский автомобильно-дорожный институт (Государственный технический университет) (МАДИ-ГТУ) 
210 |a Москва  |c Изд-во Российской инженерной академии  |d 2001 
215 |a 328 с.  |c ил. 
316 |5 63413507: 09-8749  |a На титульном листе дарственная надпись: "Библиотеке ТПУ от выпускника ФТФ ТПИ 1960 г. В. А. Воробьев. 22.09.09" 
320 |a Библиогр.: с. 314-327 
330 |a В книге рассмотрены моделирование и оптимизация процесса управления составом асфальтобетонной смеси. Основное внимание уделено проблеме автоматизации текущей оперативной коррекции состава смеси в условиях естественной вариации характеристик качества исходных материалов и режимов технологического процесса. Рассматриваются вопросы синтеза системы управления составом на основе анализа динамики изменения показателей качества.Приводятся описания системы управления качеством асфальтобетона (АРМ АСФАЛЬТ) для заводской лаборатории асфальтобетонных заводов 
606 1 |a Асфальтобетон  |x Физико-механические свойства  |2 stltpush  |3 (RuTPU)RU\TPU\subj\29594 
610 1 |a асфальтобетонные смеси 
610 1 |a качество 
610 1 |a управление 
610 1 |a производство 
610 1 |a технологические процессы 
610 1 |a возмущения 
610 1 |a идентификация 
610 1 |a математические модели 
610 1 |a информационное обеспечение 
610 1 |a состав 
610 1 |a отклонения 
610 1 |a автоматизированные системы 
610 1 |a разработка 
610 1 |a дары автора 
610 1 |a выпускники ТПУ 
610 1 |a дарственные надписи 
610 1 |a дары библиотеке 
610 1 |a труды учёных ТПУ 
610 1 |a Коллекция ТПУ 
675 |a 625.8  |v 3 
701 1 |a Бунькин  |b И. Ф.  |g Иван Филиппович 
701 1 |a Воробьев  |b В. А.  |g Владимир Александрович 
701 1 |a Попов  |b В. П.  |g Валерий Петрович 
701 1 |a Горшков  |b В. А.  |g Вячеслав Александрович 
701 1 |a Суворов  |b Д. Н.  |g Дмитрий Наумович 
701 1 |a Александров  |b А. Е.  |g Андрей Евгеньевич 
712 0 2 |a Российская инженерная академия (РИА)  |c (Москва)  |2 stltpush  |3 (RuTPU)RU\TPU\col\20872 
712 0 2 |a Московский автомобильно-дорожный институт (Государственный технический университет) (МАДИ-ГТУ)  |2 stltpush  |3 (RuTPU)RU\TPU\col\3181 
801 1 |a RU  |b 63413507  |c 20091215 
801 2 |a RU  |b 63413507  |c 20210125  |g RCR 
942 |c BK